| 000 | 00647nam a2200265Ia 4500 | ||
|---|---|---|---|
| 003 | OSt | ||
| 005 | 20220322094819.0 | ||
| 008 | 210210b1965 xxu||||| |||| 00| 0 eng d | ||
| 040 |
_aAL _c |
||
| 041 | _aeng | ||
| 082 | _a320/227 | ||
| 100 |
_aGRIFFITH (Ernest S) _924742 |
||
| 245 | _aAmerican system of government | ||
| 250 | _a4 | ||
| 260 |
_aNew York _bFrederick A. Praeger, publishers _c1965 |
||
| 300 | _aix,179 | ||
| 650 |
_asystemof _924743 |
||
| 650 |
_agovernment _924744 |
||
| 650 |
_aEd _924745 |
||
| 650 |
_aAmerican _924746 |
||
| 650 |
_a4 _924747 |
||
| 690 |
_aGovernments _924748 |
||
| 906 | _a001978 | ||
| 942 |
_2ddc _cBK |
||
| 999 |
_c117996 _d117996 |
||